[Event "AUTO-ADV-1220"]
[Site "http://www.queenalice.com/game.php?id=540245"]
[Date "2009.2.14"]
[Round "1"]
[White "Pele"]
[Black "Bruuno"]
[Result "1-0"]
[WhiteElo "1915"]
[BlackElo "1514"]

1. d4 d5 2. c4 Nf6 3. Nc3 e6 4. Nf3 dxc4 5. Bg5 Nbd7 6. Qa4 Be7 7. e3 O-O 8.
Bxc4 c5 9. Rd1 a6 10. dxc5 Qc7 11. b4 b5 12. Bxb5 Rb8 13. Bd3 Ne5 14. Be2 Bd7
15. Qb3 Bxc5 16. a3 a5 17. Bxf6 1-0

[Event "AUTO-ADV-1220"]
[Site "http://www.queenalice.com/game.php?id=540261"]
[Date "2009.2.14"]
[Round "1"]
[White "Bruuno"]
[Black "Dom81"]
[Result "0-1"]
[WhiteElo "1498"]
[BlackElo "2016"]

1. e4 e6 2. d4 d5 3. e5 c5 4. Nf3 Nc6 5. Bb5 cxd4 6. Nxd4 Ne7 7. Bg5 Bd7 8. Nxc6
bxc6 9. Bxe7 Bxe7 10. Bd3 Qb8 11. b3 Qxe5+ 12. Qe2 Bb4+ 0-1

[Event "AUTO-ADV-1220"]
[Site "http://www.queenalice.com/game.php?id=540262"]
[Date "2009.2.14"]
[Round "1"]
[White "Dom81"]
[Black "Bruuno"]
[Result "1-0"]
[WhiteElo "2014"]
[BlackElo "1500"]

1. d4 c5 2. d5 Nf6 3. c4 e6 4. Nf3 Bd6 5. Nc3 b6 6. e4 e5 7. Nb5 Qe7 8. Nh4 Nxe4
9. Nf5 Qf6 10. Qg4 Ba6 11. Nxg7+ Kf8 12. Nf5 Bxb5 13. Bh6+ Ke8 14. Qxe4 Ba6 15.
Bg7 Rg8 16. Bxf6 1-0

[Event "AUTO-ADV-1220"]
[Site "http://www.queenalice.com/game.php?id=540263"]
[Date "2009.2.14"]
[Round "1"]
[White "Bruuno"]
[Black "fera77"]
[Result "0-1"]
[WhiteElo "1489"]
[BlackElo "1705"]

1. e4 e5 2. Nf3 Nc6 3. Bb5 Nge7 4. O-O a6 5. Bxc6 Nxc6 6. Nc3 Bc5 7. d3 O-O 8.
Be3 Bxe3 9. fxe3 d6 10. d4 Bg4 11. h3 Bh5 12. dxe5 Nxe5 0-1

[Event "Let's Play Chess!"]
[Site "http://www.queenalice.com/game.php?id=540445"]
[Date "2009.2.14"]
[Round "-"]
[White "Bruuno"]
[Black "CampbellMarcel"]
[Result "1-0"]
[WhiteElo "1706"]
[BlackElo "1295"]

1. e4 e6 2. d4 d5 3. e5 Nd7 4. Nf3 a6 5. Bd3 c5 6. Be3 c4 7. Be2 Be7 8. Nc3 f5
9. b3 b5 10. a4 Bb4 11. Bd2 Nh6 12. axb5 1-0

[Event "Let's Play Chess!"]
[Site "http://www.queenalice.com/game.php?id=540446"]
[Date "2009.2.14"]
[Round "-"]
[White "CampbellMarcel"]
[Black "Bruuno"]
[Result "0-1"]
[WhiteElo "1301"]
[BlackElo "1700"]

1. e4 e5 2. f4 Nf6 3. Nf3 exf4 4. d4 d5 5. e5 Qe7 6. Bb5+ c6 7. Ba4 Bg4 8. O-O
Ne4 9. Nbd2 Nxd2 10. Bxd2 g6 0-1

[Event "Let's Play Chess!"]
[Site "http://www.queenalice.com/game.php?id=540894"]
[Date "2009.2.15"]
[Round "-"]
[White "Bruuno"]
[Black "Granger2009"]
[Result "0-1"]
[WhiteElo "1719"]
[BlackElo "2034"]

1. e4 e5 2. Nf3 Nc6 3. Nc3 Nf6 4. Bc4 Bc5 5. Nb5 a6 6. Nc3 O-O 7. d3 b5 8. Bb3
d6 9. Nd5 Nxd5 10. Bxd5 Bb7 11. Ng5 Qf6 12. Qh5 Qxf2+ 13. Kd1 h6 14. Nf3 Nd4 15.
Bxb7 Qe2# 0-1

[Event "Let's Play Chess!"]
[Site "http://www.queenalice.com/game.php?id=540895"]
[Date "2009.2.15"]
[Round "-"]
[White "Bruuno"]
[Black "Granger2009"]
[Result "0-1"]
[WhiteElo "1698"]
[BlackElo "2024"]

1. d4 Nf6 2. Nf3 d6 3. e3 Bg4 4. Be2 Nbd7 5. Nbd2 g6 6. O-O Bg7 7. b3 O-O 8. Bb2
c6 9. h3 Bxf3 10. Bxf3 d5 11. Re1 Re8 12. Qe2 e5 13. Rad1 e4 14. Bg4 Nb6 15. c4
Nc8 16. a3 Ne7 17. c5 h5 18. Bxh5 Nxh5 19. g4 Nf6 20. f3 exf3 21. Qxf3 Nh7 22.
Rf1 Ng5 23. Qf4 Nxh3+ 0-1

[Event "Let's Play Chess!"]
[Site "http://www.queenalice.com/game.php?id=542191"]
[Date "2009.2.18"]
[Round "-"]
[White "Bruuno"]
[Black "chunyi2012"]
[Result "0-1"]
[WhiteElo "1648"]
[BlackElo "1868"]

1. e4 e5 2. Nf3 d6 3. Nc3 Bg4 4. h3 Bxf3 5. Qxf3 Nf6 6. Nb5 a6 7. Nc3 c6 8. d3
h6 9. Be3 Be7 10. Be2 O-O 11. O-O d5 12. b3 d4 13. Bxh6 gxh6 14. Qg3+ Kh7 15.
Bf3 dxc3 16. Qxe5 Rg8 17. Qf5+ Rg6 18. e5 Qd7 19. Be4 Nxe4 20. Qxd7 Nxd7 21.
dxe4 Nxe5 22. Rad1 Rag8 23. g4 Nxg4 24. hxg4 Rxg4+ 25. Kh2 Rh4# 0-1

[Event "Let's Play Chess!"]
[Site "http://www.queenalice.com/game.php?id=542745"]
[Date "2009.2.19"]
[Round "-"]
[White "Bruuno"]
[Black "zemaria"]
[Result "0-1"]
[WhiteElo "1610"]
[BlackElo "1689"]

1. e4 e5 2. Nf3 d6 3. Bc4 Qf6 4. d3 Be6 5. Nc3 Bxc4 6. dxc4 Qg6 7. Nd5 Ne7 8.
Nxc7+ Kd8 9. Nxa8 Qxe4+ 10. Qe2 Qc6 11. Qe3 b6 12. Nxb6 axb6 13. b3 Ng6 14. O-O
h6 15. Rd1 Be7 16. Ba3 Kc7 17. Qc3 Nf4 18. b4 Ne2+ 0-1

[Event "AUTO-ADV-1227"]
[Site "http://www.queenalice.com/game.php?id=543474"]
[Date "2009.2.20"]
[Round "1"]
[White "Bruuno"]
[Black "oliver26"]
[Result "0-1"]
[WhiteElo "1573"]
[BlackElo "1817"]

1. e4 e6 2. Nf3 c5 3. Nc3 d5 4. exd5 exd5 5. Bb5+ Bd7 6. Qe2+ Be7 7. Bxd7+ Qxd7
8. Ne5 Qe6 9. Nb5 Na6 10. d4 f6 11. Nd3 Qxe2+ 0-1

[Event "AUTO-ADV-1227"]
[Site "http://www.queenalice.com/game.php?id=543475"]
[Date "2009.2.20"]
[Round "1"]
[White "oliver26"]
[Black "Bruuno"]
[Result "1-0"]
[WhiteElo "1827"]
[BlackElo "1573"]

1. d4 d5 2. Nf3 e6 3. Bf4 Nf6 4. e3 Nc6 5. c3 Bd6 6. Bd3 O-O 7. Nbd2 e5 8. dxe5
Bxe5 9. Nxe5 Nxe5 10. Bxe5 Re8 11. Bxf6 Qxf6 12. Nf3 Bg4 13. Be2 1-0

[Event "Let's Play Chess!"]
[Site "http://www.queenalice.com/game.php?id=543932"]
[Date "2009.2.21"]
[Round "-"]
[White "Bruuno"]
[Black "zemaria"]
[Result "0-1"]
[WhiteElo "1624"]
[BlackElo "1675"]

1. e4 e5 2. Nf3 d6 3. Nc3 Nf6 4. Bc4 c6 5. d3 Be7 6. Ng5 d5 7. exd5 Bc5 8. dxc6
bxc6 9. Qf3 Be6 10. Bxe6 fxe6 11. Nxe6 Qe7 12. Nxc5 Qxc5 13. Bg5 Nbd7 14. O-O-O
h6 15. Bxf6 Nxf6 16. Ne4 Nxe4 0-1

[Event "Let's Play Chess!"]
[Site "http://www.queenalice.com/game.php?id=544305"]
[Date "2009.2.21"]
[Round "-"]
[White "Bruuno"]
[Black "ezequiel_2001"]
[Result "0-1"]
[WhiteElo "1632"]
[BlackElo "1843"]

1. e4 c5 2. Nf3 d6 3. Nc3 Nf6 4. Bb5+ Bd7 5. Bc4 a6 6. Ng5 e6 7. d4 cxd4 8. Ne2
b5 9. Bb3 h6 10. Nxf7 Kxf7 11. Nxd4 Nxe4 0-1